Exploring the intersection of AI and human resources management

Saved in:
Bibliographic Details
Other Authors Rafiq, Muhammad, 1987- (Editor), Iqbal, Muhammad Farrukh, 1988- (Editor), Mushtaq, Rizwan, 1985- (Editor), Dastane, Omkar, 1983- (Editor)
Format Electronic eBook
LanguageEnglish
Published Hershey : IGI Global, 2023.
Subjects
Online AccessFull text
ISBN9798369300411
9798369300398
Physical Description1 online zdroj

Cover

LEADER 00000cam a2200000 i 4500
001 111159
003 CZ-ZlUTB
005 20260612102828.0
006 m o d
007 cr cnu||||||||
008 240106s2023 xx fo ||| 0 eng d
020 |a 9798369300411  |q (electronic bk.) 
020 |z 9798369300398 
040 |a EBLCP  |b eng  |c EBLCP  |d N$T  |d OCLCO  |e rda 
072 7 |a 005  |x Management. Řízení  |2 Konspekt  |9 4 
080 |a 004.8  |2 MRF 
080 |a 005.95/.96  |2 MRF 
080 |a 004.62  |2 MRF 
080 |a (0.034.2:08)  |2 MRF 
080 |a (048.8:082)  |2 MRF 
245 1 0 |a Exploring the intersection of AI and human resources management /  |c Muhammad Rafiq, Muhammad Iqbal, Rizwan Mushtaq, Omkar Dastane. 
264 1 |a Hershey :  |b IGI Global,  |c 2023. 
300 |a 1 online zdroj 
336 |2 rdacontent  |a text  |b txt 
337 |2 rdamedia  |a počítač  |b c 
338 |2 rdacarrier  |a online zdroj  |b cr 
500 |a Description based upon print version of record. 
506 |a Plný text je dostupný pouze z IP adres počítačů Univerzity Tomáše Bati ve Zlíně nebo vzdáleným přístupem pro zaměstnance a studenty 
650 0 7 |a umělá inteligence  |7 ph116536  |2 czenas 
650 0 7 |a personální management  |7 ph115721  |2 czenas 
650 0 7 |a zpracování dat  |7 ph127675  |2 czenas 
650 0 9 |a artificial intelligence  |2 eczenas 
650 0 9 |a personnel management  |2 eczenas 
650 0 9 |a data processing  |2 eczenas 
655 7 |a elektronické knihy  |7 fd186907  |2 czenas 
655 7 |a kolektivní monografie  |7 fd501537  |2 czenas 
655 9 |a electronic books  |2 eczenas 
655 9 |a collective monographs  |2 eczenas 
700 1 |a Rafiq, Muhammad,  |d 1987-  |e editor. 
700 1 |a Iqbal, Muhammad Farrukh,  |d 1988-  |e editor. 
700 1 |a Mushtaq, Rizwan,  |d 1985-  |e editor. 
700 1 |a Dastane, Omkar,  |d 1983-  |e editor. 
856 4 0 |u https://search.ebscohost.com/login.aspx?direct=true&scope=site&db=nlebk&AN=3768781&authtype=ip,shib&custid=s3936755 
910 |a ZLD002 
942 |2 udc 
992 |c EBOOK-TN  |c EBSCO 
993 |x NEPOSILAT  |y EIZ 
999 |c 111159  |d 111159